[Event "Hampshire Major"]
[Site "Fareham"]
[Date "2023.11.04"]
[Round "2.9"]
[White "Sugden, Freddie"]
[Black "Stout, Nicholas"]
[Result "1-0"]
[WhiteElo "1751"]
[BlackElo "1699"]
[PlyCount "87"]
[EventDate "2023.11.03"]
[EventType "swiss"]
[EventRounds "6"]
[EventCountry "ENG"]
[SourceTitle "BritBase"]
[Source "John Saunders"]
[SourceDate "2025.02.10"]
[SourceVersion "1"]
[SourceVersionDate "2025.02.10"]
[SourceQuality "1"]

1. e4 d5 2. exd5 Qxd5 3. Nc3 Qd8 4. d4 c6 5. Bc4 Bf5 6. Nf3 e6 7. a3 Nf6 8. Bg5 Nbd7 9. Nh4 Bg6 10. Nxg6 hxg6 11. Qd3 Be7 12. O-O-O Ng4 13. Bxe7 Qxe7 14. Qg3 Qh4 15. Ne4 Qxg3 16. hxg3 Ke7 17. Rde1 Ndf6 18. Nxf6 gxf6 19. Rxh8 Rxh8 20. f3 Nh6 21. d5 e5 22. dxc6 bxc6 23. f4 Ng4 24. Be2 f5 25. Bxg4 fxg4 26. Rxe5+ Kd6 27. Ra5 Rh2 28. Rxa7 Ke6 29. Rc7 Rxg2 30. Rxc6+ Kf5 31. Rc3 g5 32. fxg5 Kxg5 33. b4 f5 34. b5 Rxg3 35. Rxg3 f4 36. Rg1 f3 37. b6 f2 38. Rd1 g3 39. b7 g2 40. b8=Q f1=Q 41. Qg8+ Kh4 42. Qd8+ Kg4 43. Rxf1 gxf1=Q+ 44. Qd1+ 1-0

[Event "Hampshire Major"]
[Site "Fareham"]
[Date "2023.11.04"]
[Round "2.10"]
[White "Pinto, Phil B"]
[Black "Matthew, Ian"]
[Result "1-0"]
[WhiteElo "1698"]
[BlackElo "1636"]
[PlyCount "75"]
[EventDate "2023.11.03"]
[EventType "swiss"]
[EventRounds "6"]
[EventCountry "ENG"]
[SourceTitle "BritBase"]
[Source "John Saunders"]
[SourceDate "2025.02.10"]
[SourceVersion "1"]
[SourceVersionDate "2025.02.10"]
[SourceQuality "1"]

1. d4 f5 2. c4 Nf6 3. Bg5 e6 4. Nc3 Bb4 5. Qb3 a5 6. a3 Bxc3+ 7. Qxc3 Ne4 8. Bxd8 Nxc3 9. Bxc7 Ne4 10. e3 O-O 11. f3 Nf6 12. Bd6 Rf7 13. Bd3 Nc6 14. Ne2 b6 15. Nc3 Ne8 16. Bg3 Ba6 17. O-O-O Ne7 18. b3 d6 19. h4 Nc8 20. Ne2 Rb7 21. e4 b5 22. c5 b4 23. a4 g6 24. cxd6 Ncxd6 25. e5 Bxd3 26. Rxd3 Nf7 27. Nf4 Ng7 28. Kb2 Rd7 29. Rhd1 Rad8 30. Ne2 Nh5 31. f4 Nxg3 32. Nxg3 Nh6 33. Nf1 Ng4 34. R1d2 Kf7 35. Kc2 Rc7+ 36. Kd1 Rdc8 37. d5 Rc1+ 38. Ke2 {time} 1-0

[Event "Hampshire Major"]
[Site "Fareham"]
[Date "2023.11.04"]
[Round "2.11"]
[White "Jackson, Lewis"]
[Black "Holmes, David J"]
[Result "1-0"]
[WhiteElo "1478"]
[BlackElo "1816"]
[PlyCount "35"]
[EventDate "2023.11.03"]
[EventType "swiss"]
[EventRounds "6"]
[EventCountry "ENG"]
[SourceTitle "BritBase"]
[Source "John Saunders"]
[SourceDate "2025.02.10"]
[SourceVersion "1"]
[SourceVersionDate "2025.02.10"]
[SourceQuality "1"]

1. e4 Nc6 2. d4 d5 3. e5 Bf5 4. c3 Qd7 5. Bb5 a6 6. Bd3 O-O-O 7. b4 Bxd3 8. Qxd3 f6 9. a4 Qg4 10. Nf3 Qe4+ 11. Qxe4 dxe4 12. Nfd2 fxe5 13. b5 Na5 14. dxe5 Rd5 15. c4 Rxe5 16. Bb2 Re6 17. Bc3 b6 18. Bxa5 {... x moves (illegible)} 1-0

[Event "Hampshire Major"]
[Site "Fareham"]
[Date "2023.11.04"]
[Round "2.12"]
[White "Belinger, John"]
[Black "Agostinelli, David"]
[Result "0-1"]
[WhiteElo "1614"]
[BlackElo "1727"]
[PlyCount "98"]
[EventDate "2023.11.03"]
[EventType "swiss"]
[EventRounds "6"]
[EventCountry "ENG"]
[SourceTitle "BritBase"]
[Source "John Saunders"]
[SourceDate "2025.02.10"]
[SourceVersion "1"]
[SourceVersionDate "2025.02.10"]
[SourceQuality "1"]

1. e4 d6 2. d4 Nf6 3. Nc3 g6 4. Be3 c6 5. h3 Nbd7 6. Nf3 Bg7 7. Bd3 e5 8. dxe5 Nxe5 9. Nxe5 dxe5 10. O-O O-O 11. Qe2 Be6 12. Rfd1 Qc7 13. Bc4 Rfe8 14. Bxe6 Rxe6 15. Rd2 b5 16. f3 Bf8 17. a3 Rc8 18. Rdd1 a6 19. Rac1 Nh5 20. Qf2 Qe7 21. b4 Qf6 22. Rd7 a5 23. Bc5 axb4 24. axb4 Nf4 25. Rcd1 Bxc5 26. bxc5 Qg5 27. Kh2 Qf6 28. R1d6 Rce8 29. Rxe6 Rxe6 30. Ne2 Kg7 31. Nxf4 exf4 32. Qd2 Qg5 33. Rd6 Qxc5 34. Rxe6 fxe6 35. Qd7+ Kf6 36. Qxh7 Qxc2 37. Qh4+ Ke5 38. Qg5+ Kd4 39. Qxf4 b4 40. Qf6+ Kd3 41. Qxe6 b3 42. Qxg6 b2 43. e5+ Kd2 44. Qg5+ Ke2 45. e6 b1=Q 46. Qe5+ Kf1 47. Qg5 Qg6 48. Qxg6 Qxg6 49. g4 Qxe6 0-1

[Event "Hampshire Major"]
[Site "Fareham"]
[Date "2023.11.04"]
[Round "2.15"]
[White "Balerno, Pietro Silke"]
[Black "Goodlad, Daniel"]
[Result "1-0"]
[WhiteElo "1603"]
[BlackElo "1686"]
[PlyCount "67"]
[EventDate "2023.11.03"]
[EventType "swiss"]
[EventRounds "6"]
[EventCountry "ENG"]
[SourceTitle "BritBase"]
[Source "John Saunders"]
[SourceDate "2025.02.10"]
[SourceVersion "1"]
[SourceVersionDate "2025.02.10"]
[SourceQuality "1"]

1. d4 Nf6 2. Bf4 g6 3. Nc3 d5 4. e3 Bg7 5. h4 h5 6. Nf3 c6 7. Qd2 Bf5 8. O-O-O O-O 9. Be2 b5 10. Ne5 Qb6 11. f3 Nbd7 12. g4 hxg4 13. fxg4 Nxe5 14. gxf5 Nc4 15. Bxc4 bxc4 16. fxg6 Rfb8 17. gxf7+ Kxf7 18. Bxb8 Rxb8 19. Na4 Qb5 20. b3 Ne4 21. Nc3 Qa5 22. Nxe4 Qa3+ 23. Kb1 dxe4 24. Qc3 Rb4 25. Rdf1+ Ke8 26. Rf5 e5 27. dxe5 Qa5 28. Qb2 c5 29. Rg1 Bh6 30. e6 Bxe3 31. Rg8+ Ke7 32. Qg7+ Kxe6 33. Re5+ Kd6 34. Qf6+ 1-0

[Event "Hampshire Major"]
[Site "Fareham"]
[Date "2023.11.04"]
[Round "3.1"]
[White "Miller, Daniel"]
[Black "Jones, Tim"]
[Result "1-0"]
[WhiteElo "1714"]
[BlackElo "1795"]
[PlyCount "49"]
[EventDate "2023.11.03"]
[EventType "swiss"]
[EventRounds "6"]
[EventCountry "ENG"]
[SourceTitle "BritBase"]
[Source "John Saunders"]
[SourceDate "2025.02.10"]
[SourceVersion "1"]
[SourceVersionDate "2025.02.10"]
[SourceQuality "1"]

1. d4 d5 2. c4 c6 3. Qc2 Nf6 4. Nf3 Bg4 5. Ne5 Bh5 6. Bf4 Nbd7 7. e3 e6 8. cxd5 Bb4+ 9. Nc3 exd5 10. a3 Ba5 11. Bd3 O-O 12. Bg5 Bg6 13. Nxg6 hxg6 14. O-O Rc8 15. e4 dxe4 16. Nxe4 Qc7 17. b4 Nxe4 18. Bxe4 Bb6 19. Rfd1 Nf6 20. Bxf6 gxf6 21. Rd3 Qd6 22. Rg3 Qxd4 23. Rd1 Qe5 24. Bxg6 Kh8 25. Qd2 1-0

[Event "Hampshire Major"]
[Site "Fareham"]
[Date "2023.11.04"]
[Round "3.2"]
[White "Alexandrsov, Igor"]
[Black "Blanden, Edward A"]
[Result "1/2-1/2"]
[WhiteElo "1590"]
[BlackElo "1755"]
[PlyCount "65"]
[EventDate "2023.11.03"]
[EventType "swiss"]
[EventRounds "6"]
[EventCountry "ENG"]
[SourceTitle "BritBase"]
[Source "John Saunders"]
[SourceDate "2025.02.10"]
[SourceVersion "1"]
[SourceVersionDate "2025.02.10"]
[SourceQuality "1"]

1. d4 Nf6 2. c4 e6 3. Nf3 d5 4. Nc3 c5 5. cxd5 Nxd5 6. e4 Nxc3 7. bxc3 cxd4 8. cxd4 Bb4+ 9. Bd2 Bxd2+ 10. Qxd2 O-O 11. Bd3 b6 12. O-O Bb7 13. Rac1 Nd7 14. Qe3 Nf6 15. Rfd1 Qe7 16. Bb1 Rac8 17. e5 Nd5 18. Qd3 g6 19. Qd2 Kg7 20. Ng5 Qb4 21. Qxb4 Nxb4 22. a3 Nd5 23. Ne4 Rxc1 24. Rxc1 Rc8 25. Rxc8 Bxc8 26. Bd3 Bd7 27. Nd6 Kf8 28. g3 Ne7 29. Be4 Bc6 30. Bd3 Bd5 31. Bb5 Bc6 32. Bd3 Bd5 33. Bb5 1/2-1/2

[Event "Hampshire Major"]
[Site "Fareham"]
[Date "2023.11.04"]
[Round "3.3"]
[White "Soenen, Maxime"]
[Black "Archer Lock, Helen"]
[Result "1-0"]
[WhiteElo "1556"]
[BlackElo "1642"]
[PlyCount "77"]
[EventDate "2023.11.03"]
[EventType "swiss"]
[EventRounds "6"]
[EventCountry "ENG"]
[SourceTitle "BritBase"]
[Source "John Saunders"]
[SourceDate "2025.02.10"]
[SourceVersion "1"]
[SourceVersionDate "2025.02.10"]
[SourceQuality "1"]

1. e4 d5 2. exd5 Qxd5 3. Nc3 Qd6 4. d4 Nf6 5. Nb5 Qd8 6. Bf4 Nd5 7. Bg3 c6 8. Na3 Bf5 9. c3 e6 10. Nc4 b5 11. Ne5 Qa5 12. Qd2 Nb4 13. Rc1 f6 14. Nef3 g5 15. a3 Nd5 16. Bd3 Bxd3 17. Qxd3 Bh6 18. Ne2 g4 19. Nd2 Kf7 20. h3 Nd7 21. hxg4 Kg7 22. Rd1 c5 23. Qe4 Rae8 24. Bf4 Bxf4 25. Nxf4 Qb6 26. Nxd5 exd5 27. Rxh7+ Rxh7 28. Qxe8 Qd6 29. Nf3 Rh8 30. Qe3 Kf7 31. Kd2 b4 32. g5 Re8 33. g6+ Kf8 34. g7+ Kf7 35. Qxe8+ Kxg7 36. Re1 bxc3+ 37. bxc3 Qf4+ 38. Qe3 Qxe3+ 39. Rxe3 1-0

[Event "Hampshire Major"]
[Site "Fareham"]
[Date "2023.11.04"]
[Round "3.4"]
[White "Pinto, Phil B"]
[Black "O'Gorman, Brendan"]
[Result "0-1"]
[WhiteElo "1698"]
[BlackElo "1873"]
[PlyCount "82"]
[EventDate "2023.11.03"]
[EventType "swiss"]
[EventRounds "6"]
[EventCountry "ENG"]
[SourceTitle "BritBase"]
[Source "John Saunders"]
[SourceDate "2025.02.10"]
[SourceVersion "1"]
[SourceVersionDate "2025.02.10"]
[SourceQuality "1"]

1. d4 d5 2. c4 c6 3. cxd5 cxd5 4. Nc3 Nf6 5. Bg5 Ne4 6. Nxe4 dxe4 7. Bh4 Qb6 8. e3 e5 9. a3 Qxb2 10. Qc1 Qxc1+ 11. Rxc1 Bd7 12. Rc3 exd4 13. exd4 Nc6 14. f3 Nxd4 15. fxe4 Bxa3 16. Kf2 Be7 17. Bg3 Bc6 18. Bd3 O-O 19. Ke3 Rfd8 20. Nf3 Nxf3 21. gxf3 Rd7 22. Rc2 Rad8 23. Be2 h6 24. Ra1 a6 25. Bxa6 Bxe4 26. Kxe4 bxa6 27. Rxa6 Rd4+ 28. Ke3 Bg5+ 29. f4 Bf6 30. Raa2 Re8+ 31. Kf3 Rd3+ 32. Kg2 h5 33. Re2 Rxe2+ 34. Rxe2 h4 35. Be1 h3+ 36. Kf1 Bd4 37. Bd2 Kh7 38. f5 Rf3+ 39. Ke1 Rxf5 40. Re4 Re5 41. Rxe5 Bxe5 0-1

[Event "Hampshire Major"]
[Site "Fareham"]
[Date "2023.11.04"]
[Round "3.5"]
[White "Collyer, David"]
[Black "Sugden, Freddie"]
[Result "1-0"]
[WhiteElo "1804"]
[BlackElo "1751"]
[PlyCount "55"]
[EventDate "2023.11.03"]
[EventType "swiss"]
[EventRounds "6"]
[EventCountry "ENG"]
[SourceTitle "BritBase"]
[Source "John Saunders"]
[SourceDate "2025.02.10"]
[SourceVersion "1"]
[SourceVersionDate "2025.02.10"]
[SourceQuality "1"]

1. e4 e5 2. Nf3 Nc6 3. Bb5 a6 4. Ba4 Nf6 5. O-O Bc5 6. c3 b5 7. Bc2 d6 8. h3 O-O 9. d4 Bb6 10. Re1 Re8 11. a4 Bb7 12. b3 exd4 13. cxd4 Nb4 14. Nbd2 Nxc2 15. Qxc2 Qd7 16. Bb2 Nh5 17. a5 Ba7 18. e5 Nf4 19. Ng5 Ng6 20. Rac1 dxe5 21. dxe5 Qd5 22. Nde4 h6 23. Red1 Qc6 24. Qb1 Qxc1 25. Qxc1 hxg5 26. Nxg5 Re7 27. Qc2 Bc8 28. Rd8+ 1-0

[Event "Hampshire Major"]
[Site "Fareham"]
[Date "2023.11.04"]
[Round "3.6"]
[White "Agostinelli, David"]
[Black "Ferreira, Erico Oliveira"]
[Result "0-1"]
[WhiteElo "1727"]
[BlackElo "1712"]
[PlyCount "80"]
[EventDate "2023.11.03"]
[EventType "swiss"]
[EventRounds "6"]
[EventCountry "ENG"]
[SourceTitle "BritBase"]
[Source "John Saunders"]
[SourceDate "2025.02.10"]
[SourceVersion "1"]
[SourceVersionDate "2025.02.10"]
[SourceQuality "1"]

1. c4 Nf6 2. Nf3 g6 3. Nc3 Bg7 4. g3 O-O 5. Bg2 c6 6. O-O d5 7. cxd5 cxd5 8. d4 Nc6 9. a3 e6 10. Bg5 h6 11. Bxf6 Qxf6 12. e3 Rb8 13. Rc1 Bd7 14. Nd2 Qe7 15. f4 Na5 16. b4 Nc6 17. Nf3 b6 18. Ne5 a5 19. Nxd7 Qxd7 20. b5 Ne7 21. Qd3 Nf5 22. Ne2 Nd6 23. a4 Rbc8 24. h3 Rxc1 25. Rxc1 Rc8 26. Rxc8+ Qxc8 27. e4 dxe4 28. Bxe4 Nxe4 29. Qxe4 Qc4 30. Kf2 Qxa4 31. Qa8+ Kh7 32. Qc6 Bxd4+ 33. Nxd4 Qxd4+ 34. Ke2 Kg7 35. g4 a4 36. f5 Qe5+ 37. Kd2 a3 38. fxe6 a2 39. e7 Qxe7 40. Qc3+ Qf6 0-1

[Event "Hampshire Major"]
[Site "Fareham"]
[Date "2023.11.04"]
[Round "3.7"]
[White "Waters, Andrew"]
[Black "Balerno, Pietro Silke"]
[Result "1-0"]
[WhiteElo "1883"]
[BlackElo "1603"]
[PlyCount "91"]
[EventDate "2023.11.03"]
[EventType "swiss"]
[EventRounds "6"]
[EventCountry "ENG"]
[SourceTitle "BritBase"]
[Source "John Saunders"]
[SourceDate "2025.02.10"]
[SourceVersion "1"]
[SourceVersionDate "2025.02.10"]
[SourceQuality "1"]

1. e4 e6 2. b3 d5 3. Bb2 d4 4. Nf3 c5 5. Bb5+ Bd7 6. Bxd7+ Qxd7 7. d3 Nc6 8. a4 Bd6 9. Nbd2 e5 10. Nc4 Bc7 11. O-O Nge7 12. Ba3 b6 13. Bc1 f6 14. Nh4 g5 15. Qh5+ Kd8 16. Nf3 Ng6 17. h4 gxh4 18. Nxh4 Qg7 19. Nf5 Qd7 20. Bd2 Nce7 21. a5 b5 22. Nb6 Bxb6 23. axb6 Nc6 24. Ra6 b4 25. Rfa1 Kc8 26. Qh6 Kb7 27. bxa7 Rxa7 28. Rxa7+ Nxa7 29. f4 Nc6 30. fxe5 fxe5 31. Qg7 Qxg7 32. Nxg7 Nb8 33. Nf5 Nd7 34. Bh6 Ra8 35. Nd6+ Kb8 36. Rxa8+ Kxa8 37. Nf7 Nf6 38. Bg5 Ng4 39. g3 Kb7 40. Nh6 Nxh6 41. Bxh6 Kc6 42. Kg2 Kd6 43. Kf3 Ke6 44. Kg4 Nh8 45. Bf8 Nf7 46. Bxc5 {Black lost on time.} 1-0

[Event "Hampshire Major"]
[Site "Fareham"]
[Date "2023.11.04"]
[Round "3.8"]
[White "Warner, Nicholas"]
[Black "Edney, Richard H"]
[Result "1/2-1/2"]
[WhiteElo "1610"]
[BlackElo "1828"]
[PlyCount "60"]
[EventDate "2023.11.03"]
[EventType "swiss"]
[EventRounds "6"]
[EventCountry "ENG"]
[SourceTitle "BritBase"]
[Source "John Saunders"]
[SourceDate "2025.02.10"]
[SourceVersion "1"]
[SourceVersionDate "2025.02.10"]
[SourceQuality "1"]

1. f4 d5 2. Nf3 Nf6 3. b3 g6 4. Bb2 Bg7 5. e3 O-O 6. Be2 c5 7. O-O Nc6 8. d3 Qc7 9. Qc1 b6 10. Ne5 e6 11. Nd2 Bb7 12. Ndf3 Rad8 13. Nxc6 Bxc6 14. Ne5 Bb7 15. Rb1 a6 16. Qe1 Ne8 17. Bg4 f5 18. Bh3 Nf6 19. g4 Nd7 20. Nxd7 Qxd7 21. Bxg7 Qxg7 22. g5 Rfe8 23. b4 c4 24. d4 b5 25. c3 Bc6 26. Rf2 Ra8 27. Ra1 Qb7 28. a3 Ra7 29. Qb1 Qg7 30. Bf1 Qd7 1/2-1/2

[Event "Hampshire Major"]
[Site "Fareham"]
[Date "2023.11.04"]
[Round "3.9"]
[White "Vann, Anton"]
[Black "Tello, Yasser"]
[Result "0-1"]
[WhiteElo "1503"]
[BlackElo "1813"]
[PlyCount "91"]
[EventDate "2023.11.03"]
[EventType "swiss"]
[EventRounds "6"]
[EventCountry "ENG"]
[SourceTitle "BritBase"]
[Source "John Saunders"]
[SourceDate "2025.02.10"]
[SourceVersion "1"]
[SourceVersionDate "2025.02.10"]
[SourceQuality "1"]

1. e4 e5 2. Nc3 Nc6 3. Bc4 Nf6 4. d3 Be7 5. f4 d6 6. Nf3 O-O 7. O-O a6 8. Qe1 b5 9. Bb3 Na5 10. Nd5 Nxd5 11. Bxd5 c6 12. Bxf7+ Rxf7 13. fxe5 dxe5 14. c3 Bf6 15. Qg3 Qxd3 16. Bg5 Qxe4 17. Bxf6 Rxf6 18. Nxe5 Rxf1+ 19. Rxf1 Be6 20. Re1 Qd5 21. Nd3 Bf7 22. h3 Rd8 23. Nb4 Qc5+ 24. Kh1 Qd6 25. Qf2 c5 26. Nc2 Qd2 27. Re2 Qc1+ 28. Kh2 Qxb2 29. Re7 Qxa2 30. Qxc5 Qd5 31. Qc7 Qd6+ 32. Qxd6 Rxd6 33. Ra7 g6 34. Nb4 Nb3 35. Nxa6 Rd2 36. Ra8+ Kg7 37. Ra7 h5 38. Nb4 Kf6 39. Rb7 Bc4 40. Rb6+ Kg5 41. Nc6 Re2 42. Na7 Nc5 43. Nxb5 Rb2 44. Kg3 Rxb5 45. h4+ Kf5 46. Rd6 0-1

[Event "Hampshire Major"]
[Site "Fareham"]
[Date "2023.11.04"]
[Round "3.10"]
[White "McDonald, Robert"]
[Black "Jackson, Lewis"]
[Result "0-1"]
[WhiteElo "1788"]
[BlackElo "1478"]
[PlyCount "84"]
[EventDate "2023.11.03"]
[EventType "swiss"]
[EventRounds "6"]
[EventCountry "ENG"]
[SourceTitle "BritBase"]
[Source "John Saunders"]
[SourceDate "2025.02.10"]
[SourceVersion "1"]
[SourceVersionDate "2025.02.10"]
[SourceQuality "1"]

1. c4 e6 2. g3 f5 3. Bg2 Nf6 4. Nc3 Bb4 5. d3 O-O 6. e3 d6 7. a3 Bxc3+ 8. bxc3 e5 9. Ne2 Nc6 10. Rb1 Qe8 11. Qa4 Bd7 12. Qc2 Rb8 13. Qa2 Qf7 14. O-O Kh8 15. d4 b6 16. Bd2 Ne7 17. a4 a5 18. Rb2 Be6 19. d5 Bc8 20. Nc1 Nd7 21. Nb3 Ba6 22. Nc1 Nc5 23. Rd1 Qe8 24. Rb5 Bxb5 25. cxb5 Qh5 26. Qc2 Qg4 27. f4 e4 28. Be1 Qh5 29. Rd4 Ng8 30. Bf1 Nf6 31. h4 h6 32. Be2 Qf7 33. c4 Rg8 34. Bf1 g6 35. Rd2 Kg7 36. Rh2 Kf8 37. Ne2 Ng4 38. Qd1 Nxh2 39. Kxh2 Nd3 40. Qd2 g5 41. Nd4 gxh4 42. Ne6+ Ke7 0-1

[Event "Hampshire Major"]
[Site "Fareham"]
[Date "2023.11.04"]
[Round "3.12"]
[White "Stout, Nicholas"]
[Black "Syed, Ashraf"]
[Result "1-0"]
[WhiteElo "1699"]
[BlackElo "1649"]
[PlyCount "89"]
[EventDate "2023.11.03"]
[EventType "swiss"]
[EventRounds "6"]
[EventCountry "ENG"]
[SourceTitle "BritBase"]
[Source "John Saunders"]
[SourceDate "2025.02.10"]
[SourceVersion "1"]
[SourceVersionDate "2025.02.10"]
[SourceQuality "1"]

1. d4 d6 2. e4 Nf6 3. Nc3 c6 4. h3 Qa5 5. Bd2 Qc7 6. Nf3 e5 7. Bc4 Be7 8. O-O O-O 9. a4 Be6 10. d5 Bd7 11. Qe2 a6 12. a5 cxd5 13. Bxd5 Nc6 14. Qc4 Rac8 15. Rfc1 Nd4 16. Qxc7 Nxf3+ 17. gxf3 Rxc7 18. Kh2 Rfc8 19. Be3 Bf8 20. Bb6 Nxd5 21. exd5 Rc4 22. Be3 Rh4 23. Rh1 Rxh3+ 24. Kg2 Rxh1 25. Rxh1 Bf5 26. Rc1 Rc4 27. Kg3 g6 28. Ne4 Bxe4 29. fxe4 Rxe4 30. c4 Be7 31. b4 f5 32. Kf3 Rh4 33. c5 Rxb4 34. c6 bxc6 35. dxc6 Rb8 36. c7 Rc8 37. Ba7 Kf7 38. Bb8 Ke6 39. Rc6 Kd7 40. Rxa6 d5 41. Rb6 Bd6 42. a6 Bxc7 43. a7 e4+ 44. Ke2 d4 45. Rb7 1-0

[Event "Hampshire Major"]
[Site "Fareham"]
[Date "2023.11.04"]
[Round "3.13"]
[White "Charalambous, Charles"]
[Black "Belinger, John"]
[Result "1/2-1/2"]
[WhiteElo "1478"]
[BlackElo "1614"]
[PlyCount "39"]
[EventDate "2023.11.03"]
[EventType "swiss"]
[EventRounds "6"]
[EventCountry "ENG"]
[SourceTitle "BritBase"]
[Source "John Saunders"]
[SourceDate "2025.02.10"]
[SourceVersion "1"]
[SourceVersionDate "2025.02.10"]
[SourceQuality "1"]

1. d4 d5 2. Nf3 Nf6 3. Bf4 c5 4. e3 Nc6 5. c3 Qb6 6. Qb3 c4 7. Qxb6 axb6 8. Na3 Ra5 9. Bc7 e6 10. Bxb6 Ra6 11. Bc5 Bxc5 12. dxc5 Ne4 13. Nb5 O-O 14. Be2 Bd7 15. Nbd4 Nxc5 16. O-O Rb6 17. b3 cxb3 18. axb3 Re8 19. Nxc6 bxc6 20. b4 1/2-1/2

[Event "Hampshire Major"]
[Site "Fareham"]
[Date "2023.11.04"]
[Round "3.14"]
[White "Holmes, David J"]
[Black "Matthew, Ian"]
[Result "1-0"]
[WhiteElo "1816"]
[BlackElo "1636"]
[PlyCount "59"]
[EventDate "2023.11.03"]
[EventType "swiss"]
[EventRounds "6"]
[EventCountry "ENG"]
[SourceTitle "BritBase"]
[Source "John Saunders"]
[SourceDate "2025.02.10"]
[SourceVersion "1"]
[SourceVersionDate "2025.02.10"]
[SourceQuality "1"]

1. e4 c5 2. d4 cxd4 3. c3 Nf6 4. e5 Nd5 5. Qxd4 e6 6. Nf3 Nc6 7. Qe4 Be7 8. Nbd2 O-O 9. g3 f5 10. Qe2 b6 11. Bg2 a5 12. O-O Ba6 13. c4 Nc7 14. b3 Rb8 15. a4 Nd5 16. Bb2 Qe8 17. Nd4 Nxd4 18. Bxd4 Nb4 19. Nf3 g5 20. Bb2 Bb7 21. Nd4 Bxg2 22. Kxg2 Qg6 23. Rad1 Rf7 24. f3 h5 25. Nb5 Bc5 26. Bd4 f4 27. Bxc5 bxc5 28. Nd6 Rg7 29. Ne4 Rb7 30. Nxc5 1-0

[Event "Hampshire Major"]
[Site "Fareham"]
[Date "2023.11.04"]
[Round "3.15"]
[White "Goodlad, Daniel"]
[Black "Devlin, Liam"]
[Result "0-1"]
[WhiteElo "1686"]
[BlackElo "1606"]
[PlyCount "76"]
[EventDate "2023.11.03"]
[EventType "swiss"]
[EventRounds "6"]
[EventCountry "ENG"]
[SourceTitle "BritBase"]
[Source "John Saunders"]
[SourceDate "2025.02.10"]
[SourceVersion "1"]
[SourceVersionDate "2025.02.10"]
[SourceQuality "1"]

1. d4 Nf6 2. c4 g6 3. Nc3 Bg7 4. e4 d6 5. h3 Nbd7 6. Be3 e5 7. d5 Nc5 8. Qc2 O-O 9. b4 Na6 10. a3 c6 11. g4 cxd5 12. cxd5 Qc7 13. Rc1 Bd7 14. Nge2 Rac8 15. Ng3 Qd8 16. Bxa6 bxa6 17. Bxa7 Bh6 18. Be3 Bxe3 19. fxe3 Qb6 20. Qd2 Rc4 21. O-O Qd8 22. Nce2 Rxc1 23. Nxc1 h6 24. Nb3 Nh7 25. Qg2 Qg5 26. Rf3 Rc8 27. Qf2 Be8 28. Na5 Qh4 29. Ne2 Ng5 30. Kg2 Nxf3 31. Qxf3 Rc2 32. Kh1 Qe1+ 33. Ng1 Qd2 34. Qg3 Rc3 35. Nb7 Rxe3 36. Qg2 Qe1 37. Nxd6 Rg3 38. Qh2 Bb5 0-1

[Event "Hampshire Major"]
[Site "Fareham"]
[Date "2023.11.04"]
[Round "4.1"]
[White "Ferreira, Erico Oliveira"]
[Black "Miller, Daniel"]
[Result "1/2-1/2"]
[WhiteElo "1712"]
[BlackElo "1714"]
[PlyCount "69"]
[EventDate "2023.11.03"]
[EventType "swiss"]
[EventRounds "6"]
[EventCountry "ENG"]
[SourceTitle "BritBase"]
[Source "John Saunders"]
[SourceDate "2025.02.10"]
[SourceVersion "1"]
[SourceVersionDate "2025.02.10"]
[SourceQuality "1"]

1. Nf3 Nf6 2. b3 g6 3. Bb2 Bg7 4. g3 O-O 5. Bg2 d5 6. c4 c6 7. O-O Qb6 8. Qc2 Bf5 9. d3 a5 10. Nh4 Bg4 11. h3 Be6 12. Nd2 a4 13. e4 a3 14. c5 Qd8 15. Bc3 Na6 16. d4 dxe4 17. Nxe4 Nxe4 18. Qxe4 Bd5 19. Qe3 Bxg2 20. Kxg2 Nc7 21. Rac1 Nd5 22. Qe4 Nxc3 23. Rxc3 Qxd4 24. Qxd4 Bxd4 25. Rc4 Rfd8 26. Nf3 Bg7 27. Re1 Bf6 28. Re2 Rd5 29. Nd2 Kf8 30. Ne4 Bb2 31. Nc3 Rad8 32. Na4 Rd2 33. Rc2 Bg7 34. Nb6 h5 35. Nc4 1/2-1/2

[Event "Hampshire Major"]
[Site "Fareham"]
[Date "2023.11.04"]
[Round "4.2"]
[White "Alexandrsov, Igor"]
[Black "Collyer, David"]
[Result "0-1"]
[WhiteElo "1590"]
[BlackElo "1755"]
[PlyCount "78"]
[EventDate "2023.11.03"]
[EventType "swiss"]
[EventRounds "6"]
[EventCountry "ENG"]
[SourceTitle "BritBase"]
[Source "John Saunders"]
[SourceDate "2025.02.10"]
[SourceVersion "1"]
[SourceVersionDate "2025.02.10"]
[SourceQuality "1"]

1. d4 d5 2. c4 e6 3. Nc3 Nf6 4. cxd5 exd5 5. Bg5 Be7 6. e3 O-O 7. Bd3 b6 8. Qc2 h6 9. Bh4 Bb7 10. Nf3 c5 11. O-O Nbd7 12. Rfd1 Rc8 13. Rac1 cxd4 14. Nxd4 Ne4 15. Bxe7 Qxe7 16. Qb3 Ndc5 17. Qc2 Qf6 18. Qe2 Nxd3 19. Rxd3 Ba6 20. f3 Bxd3 21. Qxd3 Nxc3 22. bxc3 Rfe8 23. Ne2 Qe5 24. Kf2 Rc5 25. Nf4 Rec8 26. Qa6 Qc7 27. Rd1 Rxc3 28. Nxd5 Rc2+ 29. Kg1 Qe5 30. Qf1 Rxa2 31. f4 Qe6 32. f5 Qe5 33. f6 Rcc2 34. Ne7+ Kh7 35. Qd3+ g6 36. Nxg6 Rxg2+ 37. Kf1 Rgf2+ 38. Ke1 Qa5+ 39. Rd2 Qxd2+ 0-1

[Event "Hampshire Major"]
[Site "Fareham"]
[Date "2023.11.04"]
[Round "4.3"]
[White "Tello, Yasser"]
[Black "Archer Lock, Helen"]
[Result "1-0"]
[WhiteElo "1813"]
[BlackElo "1642"]
[PlyCount "89"]
[EventDate "2023.11.03"]
[EventType "swiss"]
[EventRounds "6"]
[EventCountry "ENG"]
[SourceTitle "BritBase"]
[Source "John Saunders"]
[SourceDate "2025.02.10"]
[SourceVersion "1"]
[SourceVersionDate "2025.02.10"]
[SourceQuality "1"]

1. d4 e6 2. e4 d5 3. Nc3 Bb4 4. e5 c5 5. a3 Bxc3+ 6. bxc3 Qc7 7. Nf3 Nc6 8. Be2 Nge7 9. O-O Bd7 10. a4 cxd4 11. cxd4 Nb4 12. c3 Nbc6 13. Ba3 O-O 14. a5 f6 15. Bd6 Qc8 16. Bd3 Rf7 17. Qc2 g6 18. Rfe1 Nf5 19. Bxf5 exf5 20. h4 f4 21. Qd2 Bg4 22. Nh2 fxe5 23. dxe5 Qe6 24. f3 Bf5 25. Qxf4 Bh3 26. Qd2 g5 27. gxh3 Qxh3 28. hxg5 Rg7 29. Re2 Re8 30. Rae1 Qf5 31. Rg2 Kh8 32. a6 Nd8 33. axb7 Nxb7 34. Qxd5 Rd7 35. Qe4 Nxd6 36. Qxf5 Nxf5 37. Ng4 Rg7 38. Nf6 Rf8 39. Kf2 Rc8 40. Rd1 Re7 41. Rh2 a5 42. f4 a4 43. Nd5 Rd7 44. Kf3 Rxc3+ 45. Nxc3 1-0